| 000 | 00567nam a2200205 a 4500 | ||
|---|---|---|---|
| 999 |
_c789 _d789 |
||
| 001 | 789 | ||
| 003 | BD-JhCC | ||
| 005 | 20171010181208.0 | ||
| 008 | 171009s2005 bg |||| |||| 000 0 ben d | ||
| 020 | _a9844018307 | ||
| 035 | _a(BD-JhCC)789 | ||
| 040 |
_aBD-JhCC _dBD-JhCC |
||
| 041 | _aben | ||
| 082 |
_a891.4435 _bHAI 2005 |
||
| 100 | _aহায়দার, রশীদ | ||
| 245 |
_aযুদ্ধ ও জীবন / _cরশীদ হায়দার |
||
| 300 |
_a112 পৃ.; _c২২ সে.মি. |
||
| 650 | _aShort stories, Bengali | ||
| 942 |
_2ddc _cBK |
||